000 00483nam a2200205Ia 4500
008 210210b1952 xxu||||| |||| 00| 0 eng d
041 _aeng
082 _a930/90
100 _aRHYDES (E) Ed
245 _aAtlas of ancient and classical geography
260 _aLondon
_bJ M Dent & Sons Ltd.
_c1952
650 _aof
650 _ageography
650 _aclassical
650 _aAtlas
650 _aand
650 _aancient
690 _aAncient History
906 _a025001
999 _c150695
_d150695